<?xml version="1.0" encoding="UTF-8"?>
<record
    xmlns:xsi="http://www.w3.org/2001/XMLSchema-instance"
    xsi:schemaLocation="http://www.loc.gov/MARC21/slim http://www.loc.gov/standards/marcxml/schema/MARC21slim.xsd"
    xmlns="http://www.loc.gov/MARC21/slim">

  <leader>01295nam a2200301   4500</leader>
  <datafield tag="999" ind1=" " ind2=" ">
    <subfield code="c">80595</subfield>
    <subfield code="d">317872</subfield>
  </datafield>
  <controlfield tag="003">OSt</controlfield>
  <controlfield tag="005">20220703094326.0</controlfield>
  <controlfield tag="008">220703b2016    jo ||||g |||| 00| 0 ara d</controlfield>
  <datafield tag="020" ind1=" " ind2=" ">
    <subfield code="a">9786039076698</subfield>
  </datafield>
  <datafield tag="020" ind1=" " ind2=" ">
    <subfield code="a">314943</subfield>
  </datafield>
  <datafield tag="040" ind1=" " ind2=" ">
    <subfield code="a">Ma-Un</subfield>
    <subfield code="c">Ma-Un</subfield>
  </datafield>
  <datafield tag="082" ind1="0" ind2="4">
    <subfield code="a">371.953</subfield>
    <subfield code="b">&#x639; &#x645; &#x628;</subfield>
    <subfield code="2">21</subfield>
  </datafield>
  <datafield tag="100" ind1="1" ind2=" ">
    <subfield code="a">&#x639;&#x628;&#x62F; &#x627;&#x644;&#x645;&#x62D;&#x633;&#x646;&#x60C; &#x645;&#x635;&#x637;&#x641;&#x649;</subfield>
    <subfield code="9">93164</subfield>
  </datafield>
  <datafield tag="245" ind1="1" ind2="2">
    <subfield code="a">&#x627;&#x644;&#x628;&#x631;&#x627;&#x645;&#x62C; &#x627;&#x644;&#x646;&#x641;&#x633;&#x64A;&#x629; &#x648;&#x627;&#x644;&#x62A;&#x631;&#x628;&#x648;&#x64A;&#x629; &#x644;&#x644;&#x645;&#x648;&#x647;&#x648;&#x628;&#x64A;&#x646; =</subfield>
    <subfield code="b">Psychological and educational programs for the gifted /</subfield>
    <subfield code="c">&#x645;&#x635;&#x637;&#x641;&#x649; &#x639;&#x628;&#x62F; &#x627;&#x644;&#x645;&#x62D;&#x633;&#x646;&#x60C; &#x639;&#x644;&#x64A; &#x623;&#x62D;&#x645;&#x62F; &#x645;&#x635;&#x637;&#x641;&#x64A;.</subfield>
  </datafield>
  <datafield tag="246" ind1="3" ind2="1">
    <subfield code="a">Psychological and educational programs for the gifted</subfield>
  </datafield>
  <datafield tag="250" ind1=" " ind2=" ">
    <subfield code="a">&#x637;. 1.</subfield>
  </datafield>
  <datafield tag="260" ind1=" " ind2=" ">
    <subfield code="a">&#x627;&#x644;&#x631;&#x64A;&#x627;&#x636; :</subfield>
    <subfield code="b">&#x62F;&#x627;&#x631; &#x627;&#x644;&#x632;&#x647;&#x631;&#x627;&#x621; &#x644;&#x644;&#x646;&#x634;&#x631; &#x648;&#x627;&#x644;&#x62A;&#x648;&#x632;&#x64A;&#x639;&#x60C;</subfield>
    <subfield code="c">2016</subfield>
    <subfield code="m">1437.</subfield>
  </datafield>
  <datafield tag="300" ind1=" " ind2=" ">
    <subfield code="a">288 &#x635;. &#x61B;</subfield>
    <subfield code="b">&#x625;&#x64A;&#x636;. &#x61B;</subfield>
    <subfield code="c">24 &#x633;&#x645;.</subfield>
  </datafield>
  <datafield tag="504" ind1=" " ind2=" ">
    <subfield code="a">&#x64A;&#x634;&#x62A;&#x645;&#x644; &#x639;&#x644;&#x649; &#x642;&#x627;&#x626;&#x645;&#x629; &#x628;&#x628;&#x644;&#x64A;&#x648;&#x62C;&#x631;&#x627;&#x641;&#x64A;&#x629;.</subfield>
  </datafield>
  <datafield tag="650" ind1=" " ind2="7">
    <subfield code="a">&#x627;&#x644;&#x637;&#x644;&#x627;&#x628; &#x627;&#x644;&#x645;&#x648;&#x647;&#x648;&#x628;&#x648;&#x646;</subfield>
    <subfield code="9">92095</subfield>
  </datafield>
  <datafield tag="650" ind1=" " ind2="7">
    <subfield code="a">&#x627;&#x644;&#x627;&#x637;&#x641;&#x627;&#x644; &#x627;&#x644;&#x645;&#x648;&#x647;&#x648;&#x628;&#x648;&#x646;</subfield>
    <subfield code="x">&#x62A;&#x639;&#x644;&#x64A;&#x645;</subfield>
    <subfield code="9">93170</subfield>
  </datafield>
  <datafield tag="650" ind1=" " ind2="7">
    <subfield code="a">&#x627;&#x644;&#x627;&#x637;&#x641;&#x627;&#x644; &#x627;&#x644;&#x645;&#x648;&#x647;&#x648;&#x628;&#x648;&#x646;</subfield>
    <subfield code="x">&#x631;&#x639;&#x627;&#x64A;&#x629;</subfield>
    <subfield code="9">93171</subfield>
  </datafield>
  <datafield tag="650" ind1=" " ind2="7">
    <subfield code="a">&#x627;&#x644;&#x645;&#x648;&#x647;&#x648;&#x628;&#x648;&#x646;</subfield>
    <subfield code="x">&#x62A;&#x639;&#x644;&#x64A;&#x645;</subfield>
    <subfield code="9">93172</subfield>
  </datafield>
  <datafield tag="650" ind1=" " ind2="7">
    <subfield code="a">&#x627;&#x644;&#x645;&#x648;&#x647;&#x648;&#x628;&#x648;&#x646;</subfield>
    <subfield code="x">&#x62A;&#x631;&#x628;&#x64A;&#x629;</subfield>
    <subfield code="9">20549</subfield>
  </datafield>
  <datafield tag="650" ind1=" " ind2="7">
    <subfield code="a">&#x627;&#x644;&#x645;&#x648;&#x647;&#x648;&#x628;&#x648;&#x646;</subfield>
    <subfield code="x">&#x631;&#x639;&#x627;&#x64A;&#x629;</subfield>
    <subfield code="9">93173</subfield>
  </datafield>
  <datafield tag="700" ind1="1" ind2=" ">
    <subfield code="a">&#x645;&#x635;&#x637;&#x641;&#x649;&#x60C; &#x639;&#x644;&#x64A; &#x623;&#x62D;&#x645;&#x62F;&#x60C;</subfield>
    <subfield code="e">&#x645;. &#x645;&#x634;&#x627;&#x631;&#x643;.</subfield>
    <subfield code="9">93169</subfield>
  </datafield>
  <datafield tag="942" ind1=" " ind2=" ">
    <subfield code="2">ddc</subfield>
    <subfield code="c">BOOK</subfield>
  </datafield>
  <datafield tag="952" ind1=" " ind2=" ">
    <subfield code="1">0</subfield>
    <subfield code="2">2022-07-04</subfield>
    <subfield code="4">0</subfield>
    <subfield code="7">1</subfield>
    <subfield code="U">2022-07-04</subfield>
    <subfield code="a">371.953 &#x639; &#x645; &#x628;</subfield>
    <subfield code="d">2022-07-04</subfield>
    <subfield code="h">CL</subfield>
    <subfield code="i">00178524</subfield>
    <subfield code="m">CL</subfield>
    <subfield code="r">2022-07-04 00:00:00</subfield>
    <subfield code="t">BOOK</subfield>
    <subfield code="w">ddc</subfield>
    <subfield code="y">0</subfield>
  </datafield>
  <datafield tag="952" ind1=" " ind2=" ">
    <subfield code="1">0</subfield>
    <subfield code="2">2022-07-04</subfield>
    <subfield code="4">0</subfield>
    <subfield code="7">0</subfield>
    <subfield code="U">2022-07-04</subfield>
    <subfield code="a">371.953 &#x639; &#x645; &#x628;</subfield>
    <subfield code="d">2022-07-04</subfield>
    <subfield code="h">CL</subfield>
    <subfield code="i">00178525</subfield>
    <subfield code="m">CL</subfield>
    <subfield code="r">2022-07-04 00:00:00</subfield>
    <subfield code="t">BOOK</subfield>
    <subfield code="w">ddc</subfield>
    <subfield code="y">0</subfield>
  </datafield>
  <datafield tag="952" ind1=" " ind2=" ">
    <subfield code="1">0</subfield>
    <subfield code="2">2022-07-04</subfield>
    <subfield code="4">0</subfield>
    <subfield code="7">0</subfield>
    <subfield code="U">2022-07-04</subfield>
    <subfield code="a">371.953 &#x639; &#x645; &#x628;</subfield>
    <subfield code="d">2022-07-04</subfield>
    <subfield code="h">CL</subfield>
    <subfield code="i">00178526</subfield>
    <subfield code="m">CL</subfield>
    <subfield code="r">2022-07-04 00:00:00</subfield>
    <subfield code="t">BOOK</subfield>
    <subfield code="w">ddc</subfield>
    <subfield code="y">0</subfield>
  </datafield>
  <datafield tag="952" ind1=" " ind2=" ">
    <subfield code="1">0</subfield>
    <subfield code="2">2022-07-04</subfield>
    <subfield code="4">0</subfield>
    <subfield code="7">1</subfield>
    <subfield code="U">2022-07-04</subfield>
    <subfield code="a">371.953 &#x639; &#x645; &#x628;</subfield>
    <subfield code="d">2022-07-04</subfield>
    <subfield code="h">EZF</subfield>
    <subfield code="i">00178527</subfield>
    <subfield code="m">EZF</subfield>
    <subfield code="r">2022-07-04 00:00:00</subfield>
    <subfield code="t">BOOK</subfield>
    <subfield code="w">ddc</subfield>
    <subfield code="y">0</subfield>
  </datafield>
  <datafield tag="952" ind1=" " ind2=" ">
    <subfield code="1">0</subfield>
    <subfield code="2">2022-07-04</subfield>
    <subfield code="4">0</subfield>
    <subfield code="7">0</subfield>
    <subfield code="U">2022-07-04</subfield>
    <subfield code="a">371.953 &#x639; &#x645; &#x628;</subfield>
    <subfield code="d">2022-07-04</subfield>
    <subfield code="h">EZF</subfield>
    <subfield code="i">00178528</subfield>
    <subfield code="m">EZF</subfield>
    <subfield code="r">2022-07-04 00:00:00</subfield>
    <subfield code="t">BOOK</subfield>
    <subfield code="w">ddc</subfield>
    <subfield code="y">0</subfield>
  </datafield>
  <datafield tag="952" ind1=" " ind2=" ">
    <subfield code="1">0</subfield>
    <subfield code="2">2022-07-04</subfield>
    <subfield code="4">0</subfield>
    <subfield code="7">1</subfield>
    <subfield code="U">2022-07-04</subfield>
    <subfield code="a">371.953 &#x639; &#x645; &#x628;</subfield>
    <subfield code="d">2022-07-04</subfield>
    <subfield code="h">EMF</subfield>
    <subfield code="i">00178529</subfield>
    <subfield code="m">EMF</subfield>
    <subfield code="r">2022-07-04 00:00:00</subfield>
    <subfield code="t">BOOK</subfield>
    <subfield code="w">ddc</subfield>
    <subfield code="y">0</subfield>
  </datafield>
  <datafield tag="952" ind1=" " ind2=" ">
    <subfield code="1">0</subfield>
    <subfield code="2">2022-07-04</subfield>
    <subfield code="4">0</subfield>
    <subfield code="7">0</subfield>
    <subfield code="U">2022-07-04</subfield>
    <subfield code="a">371.953 &#x639; &#x645; &#x628;</subfield>
    <subfield code="d">2022-07-04</subfield>
    <subfield code="h">EMF</subfield>
    <subfield code="i">00178530</subfield>
    <subfield code="m">EMF</subfield>
    <subfield code="r">2022-07-04 00:00:00</subfield>
    <subfield code="t">BOOK</subfield>
    <subfield code="w">ddc</subfield>
    <subfield code="y">0</subfield>
  </datafield>
</record>
